Beyoğlu'nun dünü, bugünü, yarını (Record no. 1689)
[ view plain ]
| 000 -BAŞLIK | |
|---|---|
| Sabit Uzunlukta Kontrol Alanı | 00779na a2200253 4500 |
| 001 - KONTROL NUMARASI | |
| Denetim Alanı | 13122 |
| 003 - KONTROL NUMARASI IDENTIFIER | |
| Denetim Alanı | MIRAKIL |
| 005 - SON İŞLEM TARİHİ VE ZAMANI | |
| Denetim Alanı | 20181213154831.0 |
| 008 - SABİT-BOY VERİ ELEMANLARI - GENEL BİLGİLER | |
| Sabit Uzunlukta Kontrol Alanı | 161025b tu 000 0 |
| 020 ## - ULUSLARARASI STANDART KİTAP NUMARASI | |
| Uluslararası Standart Kitap Numarası | 9789757363675 |
| 035 ## - SİSTEM KONTROL NUMARASI | |
| Sistem Kontrol Numarası | 13122 |
| 040 ## - KATALOGLAMA KAYNAK | |
| Orijinal Kataloglama Ajansı | Milas |
| Kataloglama Dili | tur |
| Metne Dönüştürmek Ajansı | TR-AnCHP |
| 041 ## - DİL KODU | |
| Metin / Ses Parça Veya Ayrı Başlığın Dil Kodu | tur |
| 082 ## - DEWEY ONLU SINIFLANDIRMA NUMARASI | |
| Sınıflandırma Numarası | 956.22621 |
| Ürün Numarası | B39 2008 |
| 090 ## - SINIFLAMA NUMARASI | |
| Sınıflama Numarası | 956.22621 B39 2008 |
| 245 ## - BAŞLIK TABLOSU | |
| Başlık | Beyoğlu'nun dünü, bugünü, yarını |
| Sorumluluk Tablosu, Vb | yayıma hazırlayan: Evren Barın Eğrik |
| 260 ## - YAYIN, DAĞITIM, VB | |
| Yayın, Dağıtım, Vb Yeri | İstanbul |
| Yayıncı, Dağıtıcı, Vs Adı | İstanbul Kültür Sanat Vakfı |
| Yayın, Dağıtım, Vb Tarihi | 2008 |
| 300 ## - FİZİKSEL TANIM | |
| Kapsam | 180 s. |
| Boyutlar | 23 sm. |
| 650 ## - KONU KATMA GİRİŞ - TOPİKAL DÖNEM | |
| Topikal Süreli Veya Coğrafi Ad Giriş Elemanı | Beyoğlu (İstanbul) |
| Genel Alt Bölümü | Tarih |
| Kronolojik Alt Bölümü | Toplantılar |
| 650 ## - KONU KATMA GİRİŞ - TOPİKAL DÖNEM | |
| Topikal Süreli Veya Coğrafi Ad Giriş Elemanı | Beyoğlu (İstanbul) |
| Genel Alt Bölümü | Toplumsal yaşam |
| Kronolojik Alt Bölümü | Toplantılar |
| 650 ## - KONU KATMA GİRİŞ - TOPİKAL DÖNEM | |
| Topikal Süreli Veya Coğrafi Ad Giriş Elemanı | Beyoğlu (İstanbul) |
| Genel Alt Bölümü | Tarih |
| 700 ## - KATMA GİRİŞ - KİŞİSEL İSİM | |
| Kişisel Ad | Egrik, Evren Barın |
| 942 ## - EKLENDİ GİRİŞ ELEMANLARI (KOHA) | |
| Sınıflandırma Veya Raf Düzeni Kaynak | |
| Koha Öğesi Türü | Books |
| 999 ## - SİSTEM KONTROL NUMARALARI (KOHA) | |
| Koha Biblionumber | 1689 |
| Koha Biblioitemnumber | 1689 |
| Kalıcı Konum | Mevcut Konum | Edinme Tarihi | Edinim Kaynak | Toplam Check-Out'Lar | Tam Çağrı Numarası | Barkod | Tarih Son Görülme | İtibaren Geçerli Fiyatlar | Koha Öğesi Türü |
|---|---|---|---|---|---|---|---|---|---|
| CHP Kütüphanesi | CHP Kütüphanesi | 08/08/2016 | Bağış | 956.22621 B39 2008 | 000652 | 08/08/2016 | 08/08/2016 | Books |
